000 00317nam a22001337a 4500
020 _a978-0916150280
041 _aENG
100 _aJensen.M.E
245 _aDesign And Operation Of Farm Irrigation Systems
260 _aMichigan
_bAn ASAE Monograph
_c1980
300 _a829
650 _aIDE
856 _uIDE ( 44 )
999 _c1576
_d1576